|
|
|
|
| LEADER |
01789nam a22004094a 4500 |
| 001 |
EBC3417097 |
| 003 |
MiAaPQ |
| 005 |
20200520144314.0 |
| 006 |
m o d | |
| 007 |
cr cn||||||||| |
| 008 |
040422s2004 miu sb 001 0 eng |
| 010 |
|
|
|z 2004009579
|
| 020 |
|
|
|z 088099312X (pbk. : alk. paper)
|
| 020 |
|
|
|z 0880993138 (hardcover : alk. paper)
|
| 035 |
|
|
|a (MiAaPQ)EBC3417097
|
| 035 |
|
|
|a (Au-PeEL)EBL3417097
|
| 035 |
|
|
|a (CaPaEBR)ebr10103888
|
| 035 |
|
|
|a (OCoLC)57306149
|
| 040 |
|
|
|a MiAaPQ
|c MiAaPQ
|d MiAaPQ
|
| 043 |
|
|
|a n-us---
|
| 050 |
|
4 |
|a HD6971.8
|b .W5 2004
|
| 082 |
0 |
4 |
|a 331/.01/10973
|2 22
|
| 100 |
1 |
|
|a Wheeler, Hoyt N.
|
| 245 |
1 |
0 |
|a Workplace justice without unions
|h [electronic resource] /
|c Hoyt N. Wheeler, Brian S. Klaas, Douglas M. Mahony.
|
| 260 |
|
|
|a Kalamazoo, Michigan :
|b W.E. Upjohn Institute for Employment Research,
|c c2004.
|
| 300 |
|
|
|a xii, 231 p.
|
| 504 |
|
|
|a Includes bibliographical references (p. 209-219) and index.
|
| 505 |
0 |
|
|a Workplace justice in the United States : an introduction -- Employment arbitration -- The evidence on employment arbitration -- An international perspective -- Judging the merits of terminations : does it matter who decides? -- Is justice weeping?
|
| 533 |
|
|
|a Electronic reproduction. Ann Arbor, MI : ProQuest, 2015. Available via World Wide Web. Access may be limited to ProQuest affiliated libraries.
|
| 650 |
|
0 |
|a Employee rights
|z United States.
|
| 650 |
|
0 |
|a Arbitration, Industrial
|z United States.
|
| 650 |
|
0 |
|a Employees
|x Dismissal of
|z United States.
|
| 655 |
|
4 |
|a Electronic books.
|
| 700 |
1 |
|
|a Klaas, Brian S.
|
| 700 |
1 |
|
|a Mahony, Douglas M.
|
| 710 |
2 |
|
|a ProQuest (Firm)
|
| 856 |
4 |
0 |
|u https://ebookcentral.proquest.com/lib/matrademy/detail.action?docID=3417097
|z Click to View
|